Porvenir de la agricultura española (Record no. 166522)
[ view plain ]
| 000 -LEADER | |
|---|---|
| campo de control de longitud fija | 01047nam a22002175i 4500 |
| 001 - NÚMERO DE CONTROL | |
| campo de control | 166522 |
| 003 - IDENTIFICADOR DE NÚMERO DE CONTROL | |
| campo de control | ES-MaACL |
| 005 - FECHA Y HORA DE LA ÚLTIMA TRANSACCIÓN | |
| campo de control | 20250725063233.0 |
| 008 - DATOS DE LONGITUD FIJA--INFORMACIÓN GENERAL | |
| campo de control de longitud fija | 990325s1881 sp |||| | spa d |
| 040 ## - FUENTE DE CATALOGACIÓN | |
| Centro catalogador/agencia de origen | CCPB | B |
| Lengua de catalogación | spa |
| Centro/agencia transcriptor | CCPB | B |
| 100 1# - ENTRADA PRINCIPAL--NOMBRE DE PERSONA | |
| Nombre de persona | Torres Muñoz de Luna, Ramón, |
| Fechas asociadas al nombre | 1822-1890 |
| 9 (RLIN) | 133329 |
| 245 10 - MENCIÓN DEL TÍTULO | |
| Título | Porvenir de la agricultura española |
| Resto del título | : conferencia agricola pronunciada el dia 27 de marzo de 1881 en el Conservatorio de Artes y Oficios ... / |
| Mención de responsabilidad, etc. | por Ramon Torres Muñoz de Luna ; precedida de un prólogo de Fernando Corradi. |
| 260 ## - PUBLICACIÓN, DISTRIBUCIÓN, ETC. | |
| Lugar de publicación, distribución, etc. | Madrid : |
| Nombre del editor, distribuidor, etc. | [s.n.], |
| Fecha de publicación, distribución, etc. | 1881 ( |
| Fabricante | Tipografia de Manuel G. Hernandez) |
| 300 ## - DESCRIPCIÓN FÍSICA | |
| Extensión | 32 p. ; |
| Dimensiones | 24 cm. |
| 530 ## - NOTA DISPONIBLE DE FORMULARIO FÍSICO ADICIONAL | |
| Nota de formato físico adicional disponible | Disponible en formato digital. |
| 650 04 - PUNTO DE ACCESO ADICIONAL DE MATERIA--TÉRMINO DE MATERIA | |
| Término de materia o nombre geográfico como elemento de entrada | Agricultura- |
| Subdivisión geográfica | España. |
| 9 (RLIN) | 9680 |
| 700 1# - ENTRADA AGREGADA--NOMBRE PERSONAL | |
| Nombre de persona | Corradi Gómez, Fernando, |
| Fechas asociadas al nombre | 1808-1885 |
| 9 (RLIN) | 40700 |
| 852 ## - LOCALIZACIÓN | |
| Ubicación | ES-MaACL |
| Número de control de estantería | T-677-F-9 |
| Nota libre | -- Enc. hol., conservando la cub. original |
| -- | -- Enc. en un vol. facticio |
| 856 ## - LOCALIZACIÓN Y ACCESO ELECTRÓNICOS | |
| Identificador Uniforme de Recursos | <a href="http://bdh-rd.bne.es/viewer.vm?id=0000077991&page=1 ">http://bdh-rd.bne.es/viewer.vm?id=0000077991&page=1 </a> |
| Nota pública | Biblioteca Digital Hispánica |
| Estatus retirado | Estado de pérdida | Estado de daño | No para préstamo | Colección | Biblioteca de origen | Biblioteca actual | Ubicación en estantería | Fecha de adquisición | Total de préstamos | Signatura topográfica completa | Código de barras | Visto por última vez | Precio de reemplazo | Tipo de ítem Koha |
|---|---|---|---|---|---|---|---|---|---|---|---|---|---|---|
| Colección de folletos | Biblioteca del Ateneo de Madrid | Biblioteca del Ateneo de Madrid | Depósito folletos | 17/01/2008 | T-677-F-9 | 1174652 | 23/02/2023 | 23/02/2023 | Folleto |
